书目信息 |
| 题名: |
智慧政务
|
|
| 作者: | 张建光 著 | |
| 分册: | ||
| 出版信息: | 北京 电子工业出版社 2019.01 |
|
| 页数: | 200页 | |
| 开本: | 24cm | |
| 丛书名: | ||
| 单 册: | ||
| 中图分类: | D035-39 | |
| 科图分类: | ||
| 主题词: | 电子政务--dian zi zheng wu--研究 | |
| 电子资源: | ||
| ISBN: | 978-7-121-35146-4 | |
| 000 | 00963nam0 2200253 450 | |
| 001 | 0100010838 | |
| 005 | 20190905093952.0 | |
| 010 | @a978-7-121-35146-4@dCNY59.00 | |
| 100 | @a20190904d2019 em y0chiy50 ea | |
| 101 | 0 | @achi |
| 102 | @aCN@b110000 | |
| 105 | @aak a 000yy | |
| 106 | @ar | |
| 200 | 1 | @a智慧政务@Azhi hui zheng wu@e数字政府发展的新生态@f张建光著 |
| 210 | @a北京@c电子工业出版社@d2019.01 | |
| 215 | @a200页@c图@d24cm | |
| 320 | @a有书目 (第173-182页) | |
| 330 | @a本书通过文献研究和计量的方法, 对智慧政务的探索实践和研究历程进行了回顾, 较为系统地提出了智慧政务服务范式和应用平台的协同建设模式。内容包括: 智慧政务: 数字政府建设的新探索 ; 智慧政务: 数字政府研究的新理论等。 | |
| 517 | 1 | @a数字政府发展的新生态@Ashu zi zheng fu fa zhan de xin sheng tai |
| 606 | 0 | @a电子政务@Adian zi zheng wu@x研究 |
| 690 | @aD035-39@v5 | |
| 701 | 0 | @a张建光@Azhang jian guang@4著 |
| 801 | 0 | @aCN@c20190905 |
| 905 | @a河南城建学院图书馆@dD035-39@eZ121 | |
| 智慧政务:数字政府发展的新生态/张建光著.-北京:电子工业出版社,2019.01 |
| 200页:图;24cm |
| ISBN 978-7-121-35146-4:CNY59.00 |
| 本书通过文献研究和计量的方法, 对智慧政务的探索实践和研究历程进行了回顾, 较为系统地提出了智慧政务服务范式和应用平台的协同建设模式。内容包括: 智慧政务: 数字政府建设的新探索 ; 智慧政务: 数字政府研究的新理论等。 |
| ● |
| 相关链接 |
|
|
|
正题名:智慧政务
索取号:D035-39/Z121
 
预约/预借
| 序号 | 登录号 | 条形码 | 馆藏地/架位号 | 状态 | 备注 |
| 1 | 1438979 | 214389794 | 社科库509/509社科库 67排8列6层/ [索取号:D035-39/Z121] | 在馆 | |
| 2 | 1438980 | 214389801 | 社科库509/509社科库 67排8列6层/ [索取号:D035-39/Z121] | 在馆 |